000 00775nas a2200253 4500
001 BR2013006069
003 BR-BrBNA
005 20231205122732.0
007 ta
008 230509b bl.|||p| |||| 00| 00por d
040 _aBR-BrBNA
_bpor
_cBiblioteca Nacional de Agricultura
041 _a(Pt)
072 _aF61
100 1 _aMantovani, J.P.M.
100 1 _aCalonego, J.C.
100 1 _aFoloni, J.S.S.
245 1 _aAdubação foliar de boro em diferentes estádios fenológicos da cultura do amendoim
650 _aAMENDOIM
650 _aADUBAÇÃO FOLIAR
650 _aÁCIDO BÓRICO
773 0 _tRevista Ceres (Brazil)
_xISSN 0034-737X
_g(Mar-Apr 2013), v. 60(2) p. 270-278
_wBR2013006069
909 _a202311
_bLúcia
_c55
_dLúcia Elande
942 _2AGRIS
_n0
_cANA
999 _c230251
_d230251